000 01416nam0a22003011 4500
001 rc\2304239
005 20250718122521.0
035 _a(NLR Aleph) 006468258
090 _a5907955
_c5907955
100 _a20110829d1977 |||y0rusy50 ca
101 0 _arus
102 _aRU
105 _aa z |||||
200 1 _aСборник задач по численному решению дифференциальных уравнений
_fМ-во высш. и сред. спец. образования РСФСР. Моск. физ.-техн. ин-т
_g[Под общ. ред. чл.-кор. АН СССР Белоцерковского О.М.]
210 _aДолгопрудный
_cБ. и.
_d1977
215 _a117 с.
_cчерт.
_d21
300 _aНа обороте тит. л. авт.: Рябенький В.С., Онуфриева Н.П., Пирогов В.Б. [и др.]
701 1 _aОнуфриева
_bН. П.
701 1 _aПирогов
_bВ. Б.
701 1 _aРябенький
_bВ. С.
_gВиктор Соломонович
702 1 _aБелоцерковский
_bО. М.
_f1925-2015
_gОлег Михайлович
_4340
712 0 2 _aМосковский физико-технический институт
_cДолгопрудный
_3RU\NLR\AUTH\889961606
801 0 _aRU
_bNLR
_gpsbo
801 1 _aRU
_bELAR
_2rusmarc
852 _aNLR
_j78-3/4293
942 _cBOOK
980 _aNB